|
|
|
|
| LEADER |
01186cam a2200313 a 4500 |
| 001 |
4748 |
| 003 |
BD-DhAAL |
| 005 |
20150917090802.0 |
| 008 |
150917s1996 nyua b 000 1 eng |
| 010 |
|
|
|a 96032455
|
| 020 |
|
|
|a 0446672998
|
| 040 |
|
|
|a DLC
|c DLC
|d DLC
|d BD-DhAAL
|
| 050 |
0 |
0 |
|a PS3568.E3448
|b T464 1996
|
| 082 |
0 |
0 |
|a 813/.54
|2 20
|
| 100 |
1 |
|
|a Redfield, James.
|9 13534
|
| 245 |
1 |
4 |
|a The tenth insight :
|b holding the vision : an experiential guide /
|c James Redfield and Carol Adrienne.
|
| 260 |
|
|
|a New York :
|a Toronto :
|b Warner Books,
|b Bantam Books,
|c c1996.
|
| 300 |
|
|
|a xxii, 367 p. :
|b ill. ;
|c 20 cm.
|
| 504 |
|
|
|a Includes bibliographical references (p. 359-367).
|
| 541 |
|
|
|e 4748
|
| 600 |
1 |
0 |
|a Redfield, James.
|t Tenth insight.
|9 14727
|
| 650 |
|
0 |
|a Spiritual life in literature.
|9 13536
|
| 650 |
|
0 |
|a Millennialism in literature.
|9 14728
|
| 650 |
|
0 |
|a Spiritual life.
|9 14061
|
| 650 |
|
0 |
|a Millennialism.
|9 14729
|
| 700 |
1 |
|
|a Adrienne, Carol.
|9 13537
|
| 942 |
|
|
|2 ddc
|c BK
|
| 999 |
|
|
|c 35572
|d 35572
|
| 952 |
|
|
|0 0
|1 3
|2 ddc
|4 0
|6 813_000000000000000__54_RED
|7 0
|9 55945
|a SCL
|b SCL
|c GEN
|d 2015-09-17
|g 475.00
|l 7
|m 31
|o 813.54 RED
|p 3020004748
|r 2018-07-30
|s 2018-05-24
|t 1
|w 2015-09-17
|y BK
|